Diálogos / (Registro nro. 141273)

Detalles MARC
000 -LEADER
campo de control de longitud fija 00723nam a2200217 i 4500
001 - NÚMERO DE CONTROL
campo de control 141273
003 - IDENTIFICADOR DE NÚMERO DE CONTROL
campo de control ES-MaACL
005 - FECHA Y HORA DE LA ÚLTIMA TRANSACCIÓN
campo de control 20250823063109.0
007 - CAMPO FIJO DE DESCRIPCIÓN FÍSICA--INFORMACIÓN GENERAL
campo de control de longitud fija t|
008 - DATOS DE LONGITUD FIJA--INFORMACIÓN GENERAL
campo de control de longitud fija 070920s1957 sp ||||1| spa d
100 1# - ENTRADA PRINCIPAL--NOMBRE DE PERSONA
Nombre de persona Vives, Juan Luis,
Fechas asociadas al nombre 1492-1540
9 (RLIN) 115574
245 10 - MENCIÓN DEL TÍTULO
Título Diálogos /
Mención de responsabilidad, etc. Juan Luis Vives ; versión y nomenclatura por Ramón Pin de Latour ; con un estudio preliminar por J. Pin y Soler.
260 ## - PUBLICACIÓN, DISTRIBUCIÓN, ETC.
Lugar de publicación, distribución, etc. [Barcelona :
Nombre del editor, distribuidor, etc. Rafael Salvá,
Fecha de publicación, distribución, etc. 1957]
300 ## - DESCRIPCIÓN FÍSICA
Extensión 214 p. ;
Dimensiones 19 cm.
490 1# - MENCIÓN DE SERIE
Mención de serie Obras maestras
700 1# - ENTRADA AGREGADA--NOMBRE PERSONAL
Nombre de persona Pin de Latour, Ramón.
9 (RLIN) 92061
700 1# - ENTRADA AGREGADA--NOMBRE PERSONAL
Nombre de persona Pin y Soler, José.
9 (RLIN) 92063
830 0# - PUNTO DE ACCESO ADICIONAL DE SERIE-TÍTULO UNIFORME
Título uniforme Obras maestras
9 (RLIN) 181001
852 ## - LOCALIZACIÓN
Ubicación ES-MaACL
Número de control de estantería C-12570
Sublocalización o colección R.40458
Existencias
Estatus retirado Estado de pérdida Estado de daño No para préstamo Biblioteca de origen Biblioteca actual Ubicación en estantería Fecha de adquisición Fuente de adquisición Total de préstamos Signatura topográfica completa Código de barras Visto por última vez Precio de reemplazo Tipo de ítem Koha
        Biblioteca del Ateneo de Madrid Biblioteca del Ateneo de Madrid Sala Palomar 17/01/2008     C-12570 1146998 23/02/2023 23/02/2023 Libro impreso